[Event "AUTO-INT-1428"]
[Site "http://www.queenalice.com/game.php?id=643153"]
[Date "2009.8.27"]
[Round "1"]
[White "Gilney"]
[Black "dhiratsuka"]
[Result "0-1"]
[WhiteElo "1589"]
[BlackElo "1653"]

1. Nf3 f6 2. d4 d6 3. a3 e5 4. dxe5 fxe5 5. e4 Nc6 6. b4 Bg4 7. Bc4 Nd4 8. Nbd2
b5 9. Bd5 c6 10. c3 cxd5 11. cxd4 dxe4 12. Nxe4 d5 13. Nc5 Bxc5 14. dxc5 e4 15.
Qe2 Nf6 16. Qxb5+ Qd7 17. Qa6 exf3 18. g3 O-O 19. Bb2 d4 20. Rd1 Rfe8+ 21. Kf1
Re2 22. Rxd4 Qe7 23. Bc3 Rc2 24. Qd3 Rc1+ 25. Be1 Rxe1# 0-1

[Event "AUTO-OPEN-1671"]
[Site "http://www.queenalice.com/game.php?id=643215"]
[Date "2009.8.27"]
[Round "1"]
[White "Gilney"]
[Black "Vetao"]
[Result "0-1"]
[WhiteElo "1559"]
[BlackElo "1808"]

1. d4 d6 2. g3 h6 3. Qd2 e6 4. a3 Nf6 5. Bg2 d5 6. h4 Nc6 7. f4 Ne4 8. Qd3 Qf6
9. Nh3 Nxd4 10. c3 Nb3 11. Qb5+ c6 12. Qxb3 Nxg3 13. Rh2 Qxh4 14. Kd1 Bd6 15. f5
Nxf5 16. Rh1 Bc5 17. Rf1 Be3 18. c4 dxc4 19. Qc3 O-O 20. Bxe3 Rd8+ 21. Nd2 a5
22. Rf4 Qg3 23. Rxf5 exf5 24. Nf4 Be6 25. Nh5 Qxg2 26. Kc2 f6 27. Rg1 Qxe2 28.
Kb1 Qxh5 29. Nxc4 Rd1+ 30. Rxd1 Qxd1+ 31. Ka2 b5 32. b3 bxc4 33. bxc4 Rb8 34. a4
Qxa4+ 35. Qa3 Bxc4+ 0-1

[Event "Let's Play Chess!"]
[Site "http://www.queenalice.com/game.php?id=656664"]
[Date "2009.9.23"]
[Round "-"]
[White "Gilney"]
[Black "HuGeRoOsTeR"]
[Result "0-1"]
[WhiteElo "1505"]
[BlackElo "1548"]

1. f4 d5 2. Nf3 Nf6 3. b4 Nc6 4. Ba3 e6 5. h4 Bxb4 6. Bb2 Ne4 7. Rh3 Bxd2+ 8.
Nbxd2 O-O 9. Nb3 e5 10. fxe5 Bxh3 11. gxh3 Ng3 12. Bg2 a5 13. Nc5 Rb8 14. e6 b6
15. Nd3 fxe6 16. Nf4 Rxf4 17. Qd3 b5 18. Ng5 Rxh4 19. O-O-O Qxg5+ 20. Rd2 Nb4
21. Qc3 Nxa2+ 0-1

[Event "Challenge"]
[Site "http://www.queenalice.com/game.php?id=888582"]
[Date "2011.1.20"]
[Round "-"]
[White "Gilney"]
[Black "mz11"]
[Result "0-1"]
[WhiteElo "1456"]
[BlackElo "1451"]

1. e4 e5 2. Nf3 Nc6 3. g3 Bc5 4. Bc4 Nh6 5. Nh4 Nd4 6. c3 d5 7. Bxd5 Ng4 8. cxd4
Bxd4 9. Nf5 Bxf2+ 10. Kf1 c6 11. Bc4 Qg5 12. h4 Qh5 13. Nd6+ Kd7 14. Nxf7 Rf8
15. Nxe5+ Kc7 16. Qb3 Bd4+ 17. Kg2 Rf2+ 18. Kg1 Rf3+ 19. Qe3 Bxe3+ 0-1

[Event "Challenge"]
[Site "http://www.queenalice.com/game.php?id=888948"]
[Date "2011.1.21"]
[Round "-"]
[White "Gilney"]
[Black "Reginato"]
[Result "0-1"]
[WhiteElo "1437"]
[BlackElo "1804"]

1. e4 e5 2. d4 c6 3. dxe5 Qa5+ 4. c3 Qxe5 5. Qf3 g5 6. a4 d6 7. Bc4 d5 8. Nh3
dxc4 9. Qh5 Qxe4+ 10. Be3 Qxg2 11. Rg1 Qxh3 12. Rxg5 Be6 13. Re5 Qxh5 14. Rxh5
Nf6 15. Bg5 Nxh5 16. Na3 Bxa3 17. bxa3 Rg8 0-1

[Event "Challenge"]
[Site "http://www.queenalice.com/game.php?id=888949"]
[Date "2011.1.21"]
[Round "-"]
[White "Gilney"]
[Black "Sonia"]
[Result "0-1"]
[WhiteElo "1442"]
[BlackElo "1729"]

1. e4 e5 2. Nf3 Nc6 3. a4 a5 4. h4 h5 5. Bc4 Qf6 6. O-O d6 7. Ng5 Be6 8. Bb5 Kd8
9. Nc3 Nd4 10. Bd3 Bd7 11. Nd5 Qg6 12. c3 Ne6 13. f4 Nxf4 14. Bc4 c6 15. Nb6 Bg4
16. Qb3 d5 17. Nxa8 Bc5+ 18. d4 Bc8 19. exd5 exd4 20. cxd4 Bd6 21. dxc6 Nh6 22.
Nb6 bxc6 23. Bd3 Nxd3 24. Nxf7+ Nxf7 25. Nc4 Bh3 26. Rf2 Ne1 27. Qb6+ Bc7 28.
Qc5 Nf3+ 29. Kf1 Qd3+ 30. Re2 Bxg2+ 31. Kxg2 Qxe2+ 32. Kh3 Qh2# 0-1

[Event "Challenge"]
[Site "http://www.queenalice.com/game.php?id=888950"]
[Date "2011.1.21"]
[Round "-"]
[White "Gilney"]
[Black "WillExZ"]
[Result "0-1"]
[WhiteElo "1456"]
[BlackElo "1190"]

1. e4 d5 2. Nc3 e6 3. e5 d4 4. Nb5 c6 5. Nd6+ Kd7 6. Nxf7 Qc7 7. Nxh8 Qxe5+ 8.
Ne2 Be7 9. Nf7 Qf5 10. Nxd4 Qe4+ 11. Ne2 Nh6 12. d3 Qe5 13. Nxe5+ Kd6 14. d4 Kc7
15. Qd3 b6 16. d5 cxd5 17. Bf4 Bb4+ 18. c3 Bc5 19. b3 Ba3 20. c4 Bb4+ 21. Nc3
Ba3 22. cxd5 exd5 23. Nxd5+ Kb7 24. Nc4 Bf5 25. Ne7 Bxd3 26. Bxd3 Bxe7 27. Be4+
Kc8 28. Bxa8 Bb4+ 29. Ke2 Nf5 30. Rac1 Nd4+ 31. Kd3 Bc5 32. Ne5 Ne6 33. Bg3 Nc7
34. Nc4 Nxa8 35. Rhe1 Nc6 36. Re6 Nd8 0-1

[Event "Challenge"]
[Site "http://www.queenalice.com/game.php?id=888955"]
[Date "2011.1.21"]
[Round "-"]
[White "WillExZ"]
[Black "Gilney"]
[Result "1-0"]
[WhiteElo "1241"]
[BlackElo "1442"]

1. e4 e5 2. d4 exd4 3. Qxd4 Qh4 4. Qe5+ Ne7 5. Be2 Nc6 6. Qxc7 Nd4 7. Bd3 Qg4 8.
g3 Nf3+ 9. Kd1 Nxg1+ 10. Ke1 Nf3+ 11. Kf1 Qh3+ 12. Ke2 Qg2 13. Rf1 Nxh2 14. Ke1
Nxf1 15. Bxf1 Qxe4+ 16. Be3 Nd5 17. Nd2 Qh1 18. Qe5+ Be7 19. Bg5 f6 20. Qxd5
fxg5 21. Qxh1 h5 22. Qd5 a6 23. Bc4 Rf8 24. Qe5 d6 25. Qxg7 g4 26. Ne4 Bf5 27.
Kf1 Bxe4 28. Re1 Bxc2 29. Qxe7# 1-0